000 00598nam a2200241Ia 4500
003 OSt
005 20221005133206.0
006 a|||||r|||| 00| 0
007 ta
008 221004b |||||||| |||| 00| 0 mal d
024 _a58062
037 _cTextual
040 _aCRL
_cCRL
_bmal
041 _2mal
_amal
082 _aP32, J9
100 _aVarma Rajaraja Au.
_9624547
245 0 _aVritha manjaria
260 _c1959
650 _a MALAYALAM LITERATURE
_938866
650 _aLINGUISTICS
942 _hP32, J9
_cTEXL
_2cc
999 _c1066057
_d1066057